Efektívne využitie Internetu v podmienkach organizácie SPP, š. p., Bratislava : Diplomová práca

Gespeichert in:
Bibliographische Detailangaben
1. Verfasser: Homola, Štefan (Verfasst von)
Weitere Verfasser: Ončák, Peter, 1938- (xxx)
Format: Manuskript Buch
Sprache:Slowakisch
Veröffentlicht: Trnava : STU v Bratislave MtF KMK, 2000
Schlagworte:
Tags: Tag hinzufügen
Keine Tags, Fügen Sie das erste Tag hinzu!

MARC

LEADER 00000ntm a22000003a 4500
001 stu79481
005 20160719154923.6
008 030305s2000----xo------------------slo-d
040 |a STU  |b slo 
041 0 |a slo 
044 |a xo 
100 1 |a Homola, Štefan  |4 aut 
245 1 |a Efektívne využitie Internetu v podmienkach organizácie SPP, š. p., Bratislava :  |b Diplomová práca 
260 |a Trnava :  |b STU v Bratislave MtF KMK,  |c 2000 
300 |a 50 s  |c abstr. 
650 7 |a internetové aplikácie  |2 stusub 
650 7 |a podnikové počítačové siete  |2 stusub 
650 7 |a manažment priemyselných podnikov  |2 stusub 
700 1 |a Ončák, Peter,  |d 1938-  |4 xxx  |u M190  |U MTF Materiálovotechnologická fakulta  |T MTF Katedra priemyselného inžinierstva a manažmentu  |X 1508  |U M190  |Y 167  |7 A000001508